000
00307nam a22001217a 4500
008
160519b xxu||||| |||| 00| 0 eng d
020
_a
9780781770224
020
_a
078177022X
041
_a
eng
080
_a
577
245
_a
Basic medical biochemistry;
_c
Michael Lieberman; Allan D. Marks;
942
_2
udc
_c
BK
999
_c
2226
_d
2226